| 000 | 02112nam0a2200421 4500 | ||
|---|---|---|---|
| 001 | RU\NLR\BIBL_A\022106361 | ||
| 005 | 20240124142148.0 | ||
| 010 |
_a978-5-392-38747-2 _91000 |
||
| 021 |
_aRU _bКН-П-23-074269 _9КН-П-23-7512 |
||
| 035 | _a(NLR Aleph) 022106361 | ||
| 035 | _a(RuMoRGB)012377162 | ||
| 090 |
_a12763097 _c12763097 |
||
| 100 | _a20240111d2024 u y0rusy50 ca | ||
| 101 | 0 |
_arus _deng |
|
| 102 | _aRU | ||
| 105 | _aa j 000yy | ||
| 181 | 0 |
_ai3 _baxxe |
|
| 182 | 0 | _an | |
| 200 | 1 |
_aСтроительная механика. Статически определимые конструкции _dStructural engineering. Statically determinate structures _eучебное пособие _fЮ. Н. Шагисултанова, А. В. Панфилов _zeng |
|
| 203 |
_aТекст _bвизуальный _cнепосредственный |
||
| 210 |
_aМосква _cПроспект _d2024 (печ. 2023) |
||
| 215 |
_a140 с. _cил., табл. _d21 |
||
| 300 | _aАвт. также на англ. яз.: Y. N. Shagisultanova, A. V. Panfilov | ||
| 300 | _aНа обороте тит. с. авт.: Шагисултанова Ю. Н., преподаватель, Панфилов А. В., канд. архитектуры, доц. | ||
| 300 | _aРез. англ. | ||
| 320 | _aБиблиогр.: с. 138 (11 назв.) | ||
| 510 | 1 |
_6z55790 _aStructural engineering. Statically determinate structures _zeng |
|
| 606 | 1 |
_aСтатически определимые конструкции _xРасчет _jУчебные издания для высших учебных заведений _2nlr_sh2 _3RU\NLR\AUTH\6601552012 |
|
| 675 |
_a624.04(075.8) _v4 |
||
| 686 | 1 | _aН112я73-1 | |
| 700 | 1 |
_aШагисултанова _bЮ. Н. _gЮлия Николаевна |
|
| 701 | 1 |
_aПанфилов _bА. В. _gАлександр Вадимович |
|
| 790 | 1 |
_6z55 _aŠagisultanova _bJu. N. _gJulija Nikilaevna |
|
| 790 | 1 |
_6z55 _6z55510 _aPanfilov _bA. V. _gAleksandr Vadimovič |
|
| 942 | _cBOOK | ||
| 980 | _aNB | ||